Valheim: All The Creatures - Statistics

General Stats
  • This quiz has been taken 43 times
    24 since last reset
  • The average score is 35 of 102
Answer Stats
Group Answer % Correct
The Meadows Boar
100%
The Meadows Deer
100%
The Black Forest Greydwarf
100%
The Meadows Greyling
100%
The Black Forest Bear
93%
The Black Forest Greydwarf Brute
93%
The Black Forest Skeleton
93%
The Black Forest Troll
93%
Bosses Bonemass
87%
Bosses Eikthyr
87%
The Black Forest Greydwarf Shaman
87%
The Plains Deathsquito
80%
The Swamp Draugr
80%
The Black Forest Ghost
80%
The Meadows Neck
80%
Bosses The Elder
80%
NPCs Haldor
73%
The Mountains Wolf
73%
The Swamp Draugr Elite
67%
The Plains Lox
67%
Bosses Moder
67%
The Plains Fuling
60%
Bosses The Queen
60%
Bosses Yagluth
60%
The Swamp Abomination
53%
The Swamp Blob
53%
NPCs Bog Witch
53%
The Mountains Drake
53%
The Plains Fuling Shaman
53%
NPCs Hildir
53%
NPCs Odin
53%
The Swamp Oozer
53%
The Black Forest Crow
47%
The Swamp Leech
47%
The Ocean Sea Serpent
47%
The Mistlands Seeker
47%
The Mountains Stone Golem
47%
The Meadows Gull
40%
NPCs Hugin
40%
The Meadows Pike
40%
The Black Forest Trollfish
40%
Bosses Fader
33%
The Plains Fuling Berserker
33%
The Ocean Leviathan
33%
The Meadows Perch
33%
The Mistlands Pufferfish
33%
The Black Forest Rancid Remains
33%
The Mistlands Seeker Soldier
33%
The Swamp Wraith
33%
The Mountains Cultist
27%
The Plains Growth
27%
The Mistlands Tick
27%
The Plains Vile
27%
The Mountains Bat
20%
The Mountains Fenring
20%
The Mistlands Gjall
20%
The Swamp Surtling
20%
The Mountains Ulv
20%
NPCs Valkyrie
20%
The Mistlands Anglerfish
13%
The Ashlands Bonemaw
13%
Bosses Brenna
13%
The Plains Chicken
13%
The Ashlands Fallen Valkyrie
13%
The Ashlands Lava Blob
13%
Bosses Lord Reto
13%
The Ashlands Morgen
13%
NPCs Munin
13%
The Mountains Tetra
13%
The Ashlands Asksvin
7%
The Ashlands Charred Marksman
7%
The Ashlands Charred Twitcher
7%
The Ashlands Charred Warrior
7%
The Ocean Coral Cod
7%
The Mistlands Dvergr Rogue
7%
Bosses Geirrhafa
7%
The Swamp Giant Herring
7%
The Plains Grouper
7%
The Plains Hen
7%
Bosses Root
7%
The Mistlands Seeker Brood
7%
The Ocean Tuna
7%
The Ashlands Vulture
7%
The Ashlands Ash Crow
0%
The Ashlands Ashlands Dvergr Mage
0%
The Ashlands Ashlands Dvergr Rogue
0%
NPCs Blabar
0%
The Ashlands Charred Warlock
0%
The Mistlands Dvergr Mage
0%
NPCs Hallon
0%
NPCs Halstein
0%
The Mistlands Hare
0%
The Swamp Kvastur
0%
The Ashlands Magmafish
0%
The Deep North Northern Salmon
0%
The Ashlands Skugg
0%
The Ashlands Summoned Marksman
0%
The Ashlands Summoned Troll
0%
The Ashlands Summoned Twitcher
0%
The Ashlands Summoned Warrior
0%
Bosses Thungr
0%
Bosses Zil
0%
No matching quizzes found
Score Distribution
Percent of People with Each Score
Percentile by Number Answered
Your Score History
You have not taken this quiz since the last reset